000 00473nam a22001697a 4500
003 MPLRDC
005 20220104165015.0
008 210129b ||||| |||| 00| 0 eng d
020 _a0-310-20713-4
082 _a191.9 PAS
100 _aPERRY PASCARELLA
245 _aTHE TEN COMMANDMENTS OF THE WORKPLACE AND HOW TO BREAK THEM EVERY DAY
_c
260 _a
_bZONDERVAN PUBLISHING HOUSE
_c1996
300 _b
650 _a人生观; 生死观
942 _cBK
_o191.9 PAS
999 _c57254
_d57244